A methodology for evaluating housing in use : a case study approach /

Saved in:
Bibliographic Details
Main Author: Margulis, Stephen T.
Corporate Authors: Center for Building Technology (U.S.). Environmental Design Research Division, United States. Dept. of Housing and Urban Development. Office of Policy Development and Research
Format: Government Document Book
Language:English
Published: Washington, D.C. : [Springfield, Va. : U.S. Dept. of Commerce, National Bureau of Standards ; National Technical Information Service, distributor], 1981.
Series:NBSIR ; 81-2258
Subjects:
LEADER 01655nam a2200313 a 4500
001 c000047767
003 CARM
005 00000000000000.0
008 810928s1982 dcuk b f00010 eng d
019 1 |a 2458518  |5 LACONCORD2021 
035 |a (OCoLC)7799033  |5 LACONCORD2021 
040 |a HOU  |c HOU  |d GPO  |d NU 
074 |a 247-D (microfiche) 
086 0 |a C 13.58:81-2258 
100 1 |a Margulis, Stephen T. 
245 1 2 |a A methodology for evaluating housing in use :  |b a case study approach /  |c Stephen T. Margulis ; sponsored by Center for Building Technology, National Engineering Laboratory, National Bureau of Standards [and] Office of Policy Development and Research, U.S. Department of Housing and Urban Development. 
260 |a Washington, D.C. :  |b U.S. Dept. of Commerce, National Bureau of Standards ;  |a [Springfield, Va. :  |b National Technical Information Service, distributor],  |c 1981. 
300 |a x, 211 p. :  |b forms ;  |c 28 cm. 
440 0 |a NBSIR ;  |v 81-2258 
500 |a "Environmental Design Research Division, Center for Building Technology." 
500 |a "June 1981." 
504 |a Includes bibliographical references. 
650 0 |a Housing  |x Data processing. 
650 0 |a Housing surveys. 
710 2 0 |a Center for Building Technology (U.S.).  |b Environmental Design Research Division. 
710 1 0 |a United States.  |b Dept. of Housing and Urban Development.  |b Office of Policy Development and Research. 
852 8 |b CARM  |h A3:AB19E2  |i D00904  |p 0044516  |f BK 
999 f f |i 94c47fd3-8efa-56b0-bc43-7603afd42f4d  |s 472bec5b-45e1-5434-be20-ed48d6968ef5 
952 f f |p Can circulate  |a CAVAL  |b CAVAL  |c CAVAL  |d CARM 1 Store  |e D00904  |f A3:AB19E2  |h Other scheme  |i book  |m 0044516